01133nam a2200157Ia 4500001059900000002005000599008003700649010001100686530002200697650004900719650004800768700003700816700004400853700003400897700004400931IA_During the financial analysis project feasibility was demonstrated as indicators in the sensitivity analysis were positive, was obtained an TIR of 26% a VAN of 2, 775,714.29 equivalent to a 20.6% and a relation Benefit Cost 1.25 ; well, project financing was handled in three parts, the first part is the support of SAGARPA Competitiveness and Productivity in the Agri component with an amount of 856,009.14, the second is a credit by FIRA of 1,409,897.41 with a interest rate of 14% per annum and the third part is the contribution of the partners 251,767.40 equivalent to 10% of the total.ESTUDIO DE FACTIBILIDAD TECNICO-ECONOMICO PARA LA220117s xx 000 0 und d a185523 aDisponible en PDF aOpuntia ficus indicaxIndustria y comercio  aOpuntia ficus indicaxManufacture and trade1 aEspejel Zaragoza, José Alfredo aMartínez Mosqueda, Francisco, asesor  aOcampo Cabrera, Omar, coaut.  aSzymanski Duque, Rosa Guadalupe, asesor